000 00769nam a2200229 4500
001 140043
003 ES-MaACL
005 20230906200001.0
007 t|
008 070214s1958 sp r ||||1| spa d
100 1 _aSchreiber, Hermann.
_9104695
245 1 0 _aMistagogos, masones y mormones
_b: (sociedades secretas en cuatro milenios) /
_cHermann Schreiber, Georg Schreiber ; versión de Mariano Orta Manzano.
250 _a1ª. ed.
260 _aBarcelona :
_bLuis de Caralt,
_c1958.
300 _a347 p., 20 lám. ;
_c22 cm.
490 1 _aCultura histórica
700 1 _aSchreiber, Georg.
_9104692
700 1 _aOrta Manzano, Mariano.
_987384
830 0 _aCultura histórica
_9182395
852 _aES-MaACL
_jC-16463
_bR.43884
999 _c140043
_d140043